00776nac a22002051u 4500010001600000020002800016082001700044090001500061100003400076245011300110260004300223300002900266500002600295504005100321511002800372650001600400942001900416999001500435952012000450 a 00034301 a0465016146 (alk. paper)00a330.122bSOT c7172d7172 aSoto, Hernando de, 14aThe mystery of capital : why captitalism triumphs in the West and fails everywhere else /cHernando de Soto. aNew York :bBasic Books,c2000.cc2000. a276 p. :bill. ;c25 cm. aDistributer : Baccah. aIncludes bibliographical references and index. aCatalogued By: Mahitab. 0aCapitalism. cBBk330.122SOT c7172d7172 00104070aMAINbMAINc1STd2014-01-08ePurchasel3m6o330.122SOTp000008722r2025-07-15 00:00:00s2017-11-05yBB